| 000 | 01420nam a2200385 a 4500 | ||
|---|---|---|---|
| 001 | 000115155 | ||
| 003 | CHAP | ||
| 005 | 20220329144519.0 | ||
| 008 | 181031s2018 mx a sm |||||||spa d | ||
| 010 | _a111616 | ||
| 011 | _a112588 | ||
| 040 | _cCHAP | ||
| 090 | _aTesis | ||
| 100 | 1 |
_aReyes Jacinto, Yamely. _9136089 |
|
| 245 | 1 | 0 |
_aEnraizamiento de esquejes de crisantemo (Dendrathemum grandiflora T.) en un sistema cerrado _h[En línea] _cpor Yamely Reyes Jacinto. |
| 260 |
_aChapingo, Méx. : _bEl autor, _c2018. |
||
| 500 | _aPara ver el contenido del material haga clic en la liga | ||
| 502 | _aTesis (Ing. Agr. Esp. en Fitotecnia) -- UACH. Departamento de Fitotecnia | ||
| 590 |
_aBATCH-UPD _b10 _c20190616 _lUCH01 _h1625 |
||
| 590 |
_aE11695DGD _b10 _c20190616 _lUCH01 _h1625 |
||
| 590 |
_aE8697GMM _b05 _c20181031 _lUCH01 _h1200 |
||
| 590 |
_aE8697GMM _b05 _c20181031 _lUCH01 _h1201 |
||
| 590 |
_aE8697GMM _b05 _c20181031 _lUCH01 _h1202 |
||
| 590 |
_aE8697GMM _b05 _c20181031 _lUCH01 _h1409 |
||
| 590 |
_aE8697GMM _b05 _c20181203 _lUCH01 _h0938 |
||
| 590 |
_aE8697GMM _b05 _c20190517 _lUCH01 _h1322 |
||
| 650 | 1 | 4 |
_aCrisantemo _xHumedad. _928957 |
| 650 | 1 | 4 |
_aCrisantemo _xPropagación. _928965 |
| 650 | 1 | 4 |
_aEnraizamiento. _937013 |
| 650 | 1 | 4 |
_aTemperatura _xEfecto en plantas. _9112219 |
| 856 |
_aFinding aid _uhttp://10.13.5.2/tesis/sist115155.pdf _zTeclea aquí |
||
| 901 | _aBK | ||
| 942 | _cTESIS | ||
| 942 | _n0 | ||
| 999 |
_c111616 _d111616 |
||